000 00294nam a22001457a 4500
008 210526b ||||| |||| 00| 0 eng d
020 _a9781111971700
041 _aeng
080 _a33
082 _a33
100 _a52
101 _aBIZ
245 _aBUSN
_cMarce Kelly
942 _2udc
_cBK
999 _c57658
_d57658